Planeación estratégica aplicada / (Registro nro. 27593)
[ vista simple ]
| 000 -LEADER | |
|---|---|
| fixed length control field | 01336nam a2200337 i 4500 |
| 001 - CONTROL NUMBER | |
| control field | 27593 |
| 003 - CONTROL NUMBER IDENTIFIER | |
| control field | Mx-PuUPA |
| 005 - DATE AND TIME OF LATEST TRANSACTION | |
| control field | 20260421144256.0 |
| 008 - FIXED-LENGTH DATA ELEMENTS--GENERAL INFORMATION | |
| fixed length control field | 140415s1998 ck a g 001 0 spa d |
| 020 ## - INTERNATIONAL STANDARD BOOK NUMBER | |
| International Standard Book Number | 9586007065 |
| 040 ## - CATALOGING SOURCE | |
| Original cataloging agency | Mx-PuUPA |
| Language of cataloging | spa |
| Transcribing agency | Mx-PuUPA |
| Modifying agency | Mx-PuUPA |
| Description conventions | rda |
| 041 0# - LANGUAGE CODE | |
| Language code of text/sound track or separate title | spa |
| 100 1# - MAIN ENTRY--PERSONAL NAME | |
| Personal name | Goodstein, Leonard David, |
| 9 (RLIN) | 17676 |
| Relator term | autor |
| 240 10 - UNIFORM TITLE | |
| Uniform title | Applied strategic planning. |
| Language of a work | Español |
| 245 10 - TITLE STATEMENT | |
| Title | Planeación estratégica aplicada / |
| Statement of responsibility, etc. | Leonard D. Goodstein, Timothy M. Nolan, J. William Pfeiffer ; traducción, Magaly Bernal Osorio |
| 264 #1 - PRODUCTION, PUBLICATION, DISTRIBUTION, MANUFACTURE, AND COPYRIGHT NOTICE | |
| Place of production, publication, distribution, manufacture | Santafé de Bogotá, Colombia : |
| Name of producer, publisher, distributor, manufacturer | McGraw-Hill Interamericana, |
| Date of production, publication, distribution, manufacture, or copyright notice | ©1998 |
| 300 ## - PHYSICAL DESCRIPTION | |
| Extent | x, 442 páginas : |
| Dimensions | ilustraciones (blanco y negro) ; |
| Other physical details | 24 cm |
| 336 ## - CONTENT TYPE | |
| Fuente | rdacontent |
| Content type term | texto |
| Content type code | txt |
| 337 ## - MEDIA TYPE | |
| Source | rdamedia |
| Media type term | sin medio |
| Media type code | n |
| 338 ## - CARRIER TYPE | |
| Source | rdacarrier |
| Carrier type term | volumen |
| Carrier type code | nc |
| 650 #7 - SUBJECT ADDED ENTRY--TOPICAL TERM | |
| Source of heading or term | armarc |
| Topical term or geographic name entry element | Planificación estratégica |
| 650 #7 - SUBJECT ADDED ENTRY--TOPICAL TERM | |
| Source of heading or term | armarc |
| Topical term or geographic name entry element | Administración de empresas |
| 650 #7 - SUBJECT ADDED ENTRY--TOPICAL TERM | |
| Source of heading or term | armarc |
| Topical term or geographic name entry element | Toma de decisiones |
| 700 1# - ADDED ENTRY--PERSONAL NAME | |
| Personal name | Nolan, Timothy M., |
| Relator term | autor |
| 700 1# - ADDED ENTRY--PERSONAL NAME | |
| Personal name | Pfeiffer, J .William, |
| Relator term | autor |
| 9 (RLIN) | 7982 |
| 700 1# - ADDED ENTRY--PERSONAL NAME | |
| Personal name | Garzón Castrillón, Manuel Alfonso, |
| Relator term | traductor |
| 765 0# - ORIGINAL LANGUAGE ENTRY | |
| Main entry heading | Goodstein, Leonard |
| Title | Applied strategic planning |
| Edition | Primera edición |
| International Standard Book Number | 0070240205 |
| 942 ## - ADDED ENTRY ELEMENTS (KOHA) | |
| Source of classification or shelving scheme | Dewey Decimal Classification |
| Koha item type | Libro |
| Classification part | 658.4012 |
| Item part | G6418 |
| Withdrawn status | Lost status | Source of classification or shelving scheme | Damaged status | Not for loan | Collection code | Home library | Current library | Shelving location | Date acquired | Source of acquisition | Total Checkouts | Full call number | Barcode | Date last seen | Copy number | Price effective from | Koha item type | Date last checked out |
|---|---|---|---|---|---|---|---|---|---|---|---|---|---|---|---|---|---|---|
| Dewey Decimal Classification | General | Tehuacán | Tehuacán | Sala general | 03/12/2013 | Compra | 658.4012 G6418 1998 | 968000002897 | 08/01/2025 | Ej.2 | 03/12/2013 | Libro | ||||||
| Dewey Decimal Classification | General | Tehuacán | Tehuacán | Sala general | 03/12/2013 | Compra | 658.4012 G6418 1998 | 968000002896 | 08/01/2025 | 03/12/2013 | Libro | 25/01/2016 | ||||||
| Dewey Decimal Classification | General | Tehuacán | Tehuacán | Sala general | 03/12/2013 | Compra | 1 | 658 GOOD | 500980 | 11/05/2026 | 03/12/2013 | Libro | 23/11/2022 |